00337 a2200121 450000100060000010000160000624500330002226000190005509000150007494200230008999900190011295200840013111390 aBeneukk, R. aPoliticaul Violence & Pubdur abAllem Lanec c8937d8937 aNUST-CAEcMc35752 c246463d246463 001040708NFICaCAEbCAEd2017-04-03l0pCAE49612r2017-04-05w2017-04-05yBK